A TEXTBOOK OF DENTAL MATERIALS WITH MCQS (Record no. 2523)

MARC details
000 -LEADER
fixed length control field 00382nam a2200145Ia 4500
008 - FIXED-LENGTH DATA ELEMENTS--GENERAL INFORMATION
fixed length control field 150201s2000 xx 000 0 und d
082 ## - DEWEY DECIMAL CLASSIFICATION NUMBER
Classification number A2000C
Item number 617.695
100 ## - MAIN ENTRY--PERSONAL NAME
Personal name SATISH CHANDERA
245 #2 - TITLE STATEMENT
Title A TEXTBOOK OF DENTAL MATERIALS WITH MCQS
250 ## - EDITION STATEMENT
Edition statement 1ST
260 ## - PUBLICATION, DISTRIBUTION, ETC. (IMPRINT)
Name of publisher, distributor, etc. JAYPEE MEDICAL PUBLISHER
Place of publication, distribution, etc. DELHI
Date of publication, distribution, etc. 2000
300 ## - PHYSICAL DESCRIPTION
Extent 1-438
650 ## - SUBJECT ADDED ENTRY--TOPICAL TERM
Topical term or geographic name as entry element DENTAL MATERIAL
942 ## - ADDED ENTRY ELEMENTS (KOHA)
Source of classification or shelving scheme Dewey Decimal Classification
Koha item type Books
Koha issues (borrowed), all copies 1
Holdings
Withdrawn status Lost status Source of classification or shelving scheme Damaged status Not for loan Home library Current library Date acquired Source of acquisition Cost, normal purchase price Serial Enumeration / chronology SGTU Bill Number Total Checkouts Full call number Barcode Date last seen Bill Date Koha item type Date last checked out
    Dewey Decimal Classification     SGT Dental Library SGT Dental Library 10/04/2002 U.B.S.DELHI 250.00 1 SGTU 45   A2000C 617.695 FD387 09/02/2015 25/01/2012 Books  
    Dewey Decimal Classification     SGT Dental Library SGT Dental Library 10/04/2002 U.B.S.DELHI 250.00 1 SGTU 45   A2000C 617.695 FD388 09/02/2015 25/01/2012 Books  
    Dewey Decimal Classification     SGT Dental Library SGT Dental Library 10/04/2002 U.B.S.DELHI 250.00 1 SGTU 45   A2000C 617.695 FD389 13/11/2021 25/01/2012 Books  
    Dewey Decimal Classification     SGT Dental Library SGT Dental Library 10/04/2002 U.B.S.DELHI 250.00 1 SGTU 45 1 A2000C 617.695 FD390 05/12/2022 25/01/2012 Books 05/12/2022
    Dewey Decimal Classification     SGT Dental Library SGT Dental Library 10/04/2002 U.B.S.DELHI 250.00 1 SGTU 45   A2000C 617.695 FD391 09/02/2015 25/01/2012 Books